| 000 | 02207nam a2200433 i 4500 | ||
|---|---|---|---|
| 001 | ebr10769728 | ||
| 003 | CaPaEBR | ||
| 006 | m o d | ||
| 007 | cr cn||||||||| | ||
| 008 | 130513s2013 ctu ob 001 0beng d | ||
| 020 | _a9780819573322 (e-book) | ||
| 020 | _z9780819573315 | ||
| 040 |
_aCaPaEBR _beng _erda _epn _cCaPaEBR |
||
| 035 | _a(OCoLC)867741478 | ||
| 043 | _an-us--- | ||
| 050 | 1 | 4 |
_aPN2287.T475 _bL45 2013eb |
| 082 | 0 | 4 |
_a791.092 _aB _223 |
| 100 | 1 | _aLehman, Eric D. | |
| 245 | 1 | 0 |
_aBecoming Tom Thumb : _bCharles Stratton, P. T. Barnum, and the dawn of American celebrity / _cEric D. Lehman. |
| 264 | 1 |
_aMiddletown, Connecticut : _bWesleyan University Press, _c2013. |
|
| 300 | _a1 online resource (273 pages) | ||
| 336 |
_atext _2rdacontent |
||
| 337 |
_acomputer _2rdamedia |
||
| 338 |
_aonline resource _2rdacarrier |
||
| 490 | 1 | _aThe driftless Connecticut series | |
| 504 | _aIncludes bibliographical references and index. | ||
| 505 | 0 | _aPrologue: playing The palace -- The boy from Bridgeport -- At the American Museum -- Prince Charles the First -- Buttons, bullfights, and balloons -- Hop o' my thumb -- Heart of a child -- On the New York stage -- The measure of a man -- The wedding of the year -- The long and short of it -- A very strange honeymoon -- Tom Thumb's America -- Around the world -- At the helm -- A marriage and two funerals -- The great fire -- At Mountain Grove. | |
| 588 | _aDescription based on online resource; title from PDF title page (ebrary, viewed October 18, 2013). | ||
| 590 | _aElectronic reproduction. Palo Alto, Calif. : ebrary, 2013. Available via World Wide Web. Access may be limited to ebrary affiliated libraries. | ||
| 600 | 1 | 0 |
_aBarnum, P. T. _q(Phineas Taylor), _d1810-1891. |
| 600 | 1 | 0 |
_aThumb, Tom, _d1838-1883. |
| 650 | 0 |
_aCircus performers _zUnited States _vBiography. |
|
| 650 | 0 |
_aDwarfs _zUnited States _vBiography. |
|
| 650 | 0 |
_aEntertainers _zUnited States _vBiography. |
|
| 655 | 0 | _aElectronic books. | |
| 797 | 2 | _aebrary. | |
| 830 | 0 | _aDriftless Connecticut series. | |
| 856 | 4 | 0 |
_uhttp://site.ebrary.com/lib/rucke/Doc?id=10769728 _zAn electronic book accessible through the World Wide Web; click to view |
| 999 |
_c125964 _d125964 |
||